000 nam a22 7a 4500
999 _c51829
_d51829
003 OSt
005 20220512115849.0
008 220512b xxu||||| |||| 00| 0 eng d
040 _csero soft
100 _aDr,Agarwal,H.O
245 _aInternational Law & Human Right
300 _a1011
942 _2ddc
_c02